| 000 | 01114nac a22003257a 4500 | ||
|---|---|---|---|
| 001 | BR8401420 | ||
| 003 | BR-BrBNA | ||
| 005 | 20240105115946.0 | ||
| 008 | 230509b bl.|||m| |||| 00| 0 por d | ||
| 040 |
_aBR-BrBNA _bpor _cBiblioteca Nacional de Agricultura |
||
| 072 | _aE70; E15; F00 | ||
| 090 | _aE70 BR8401420 | ||
| 110 | 1 |
_aFundacao Centro Estadual de Planejamento Agricola, Salvador, BA (Brasil) _94810 |
|
| 245 | 1 | _aInforme mensal de acompanhamento conjuntural. Janeiro/1984 [abastecimento, producao, comercializacao, preco, Bahia, Brasil] | |
| 260 | 3 |
_aSalvador, BA (Brasil): _c1984. |
|
| 300 | _a80 p. | ||
| 490 |
_aInforme Mensal de Acompanhamento Conjuntural - Fundacao Centro Estadual de Planejamento Agricola (Brazil) _vno. 48 _x |
||
| 500 | _a40 tables | ||
| 650 | _aPRODUCAO VEGETAL | ||
| 650 | _aSAFRA | ||
| 650 | _aESTATISTICA DE PRODUCAO | ||
| 650 | _aESTATISTICA COMERCIAL | ||
| 650 | _aPRECO MEDIO | ||
| 650 | _aEXPORTACAO | ||
| 650 | _aABASTECIMENTO | ||
| 650 | _aMERCADO | ||
| 650 | _aBAHIA | ||
| 909 |
_a202312 _bLúcia Elande _c55 _dLúcia Elande |
||
| 942 |
_2AGRIS _n0 _cMS |
||
| 999 |
_c277249 _d277249 |
||